Представление документа в формате MARC21

Поле Инд. ПП Название Значение
Тип записи m
Библиографический уровень m
001 Контрольный номер RU/LIBMSTU/425658872
005 Дата корректировки 20230131102455.8
008 Кодируемые данные 130416|||||||||ru |||||||||||000|||rus||
040 b Код языка каталог. rus
e Правила каталог. PSBO
041 0_ a Код языка текста rus
084 a Индекс другой классификации/Индекс ББК 65.5
090 x Авторский знак О-75
245 10 a Заглавие Основы инвестиционного международного сотрудничества
b Продолж. заглавия метод. указания к практ. занятиям студентов специальности 080102.65 "Мировая экономика" оч. формы обучения
c Ответственность Федер. агентство по рыболовству, Мурман. гос. техн. ун-т, Каф. междунар. экон. отношений ; сост. Г. В. Прибыткова
h Физич. носитель Электронный ресурс
256 a Характеристики компьютерного файла Электрон. текстовые дан. (1 файл : 438 Кб)
260 a Место издания Мурманск
b Издательство Изд-во МГТУ
c Дата издания 2012
500 a Примечание Доступ из локальной сети Мурман. гос. техн. ун-та. - Загл. с экрана
583 x Служебное примечание Полнотекстовые документы
x Служебное примечание Труды преподавателей МГТУ
z Открытое примечание Для студентов экономических специальностей
653 1_ a Ключевые слова Инвестиционное сотрудничество; Международное сотрудничество; Методические указания; Электронные версии
a Ключевые слова Труды преподавателей МГТУ
856 0_ u URL https://elib.mauniver.ru/2012/M_12_65.pdf
901 t Тип документа m
952 c Вид литературы учебно-методическое издание